Categorical algebra and its applications : proceedings of a conference, held in Louvain-La-Neuve, Belgium, July 26-August 1, 1987
Αποθηκεύτηκε σε:
| Άλλοι συγγραφείς: | |
|---|---|
| Μορφή: | Βιβλίο |
| Γλώσσα: | English |
| Δημοσίευση: |
Berlin :
Springer-Verlag,
c1988.
|
| Σειρά: | Lecture notes in mathematics (Springer-Verlag)
; 1348 |
| Θέματα: | |
| Ετικέτες: |
Προσθήκη ετικέτας
Δεν υπάρχουν, Καταχωρήστε ετικέτα πρώτοι!
|
MARC
| LEADER | 00000cam a2200000 i 4500 | ||
|---|---|---|---|
| 001 | 1/28270 | ||
| 008 | 941103s1988 gw ||| | eng|| | ||
| 020 | |a 3540503625 | ||
| 035 | |a 1993 |l 10038033 | ||
| 040 | |a GR-MyUA |b gre |e AACR2 | ||
| 041 | 0 | |a eng | |
| 082 | 0 | |a 512.55 | |
| 245 | 1 | 0 | |a Categorical algebra and its applications : |b proceedings of a conference, held in Louvain-La-Neuve, Belgium, July 26-August 1, 1987 / |c F. Borceux (ed.). |
| 260 | |a Berlin : |b Springer-Verlag, |c c1988. | ||
| 300 | |a viii, 375 σ. ; |c 25 εκ. | ||
| 490 | 1 | |a (Lecture notes in mathematics (Springer-Verlag) |v ; 1348) | |
| 500 | |a Περιέχει βιβλιογραφικές αναφορές. | ||
| 650 | 0 | 0 | |a Algebra, Homological |x Congresses. |
| 650 | 0 | 0 | |a Categories (Mathematics) |x Congresses. |
| 700 | 1 | |a Borceux, Francis |d 1948- |e edt | |
| 830 | 0 | |a Lecture notes in mathematics (Springer-Verlag) |v ; 1348 | |
| 852 | |a INST |b SAMOS |e 19941103 |h 512.55 CAT |p 005300006909 |q 005300006909 |t BK |y 0 | ||
| 909 | |a Σ |b 029183 | ||